Stroj na čistenie štrkového lôžka koľaje. E 01B 27/10

Bibliographic Details
Main Author: Theurer, Josef (Author)
Format: Book
Language:Undetermined
PhysicalDescription:5 s.
Published: Banská Bystrica 2000

MARC

LEADER 00000nam a2200000 a 4500
001 vtls001392564
003 SK-MaSNL
005 20260301201742.0
008 240315sm y0 xo 0 und
035 |a SNK000346865 
040 |a SNK  |b slo  |c SNK  |e AACR2 
044 |a xo  |c SK 
100 1 |a Theurer, Josef  |4 aut  |9 283735 
245 1 |a Stroj na čistenie štrkového lôžka koľaje. E 01B 27/10 
260 |a Banská Bystrica  |e Úrad priemyselného vlastníctva SR  |c 2000 
300 |a 5 s. 
999 |c 896136  |d 898066 
952 |t P60, <04>, [BOOK], {604}  |a SNK  |b SNK  |y VYP  |7 0  |p 17A0239546  |o snkSK 280387  |i snkPS 650/2000  |0 0  |1 0  |4 0  |d 2000-07-13  |l 0  |r 2005-01-02 00:00:00  |w 2026-02-24